Statistics for Love Chain Quiz #2

Click here to take the quiz!

General Stats

  • This quiz has been taken 120 times
  • The average score is 13 of 28

Answer Stats

Hint Answer % Correct
The complementary part of yinyang
94%
A marriage ceremonywedding
90%
One of the "somethings" brides traditionally wear{new}
84%
The traditional holiday of newlywedshoneymoon
80%
You can get married at this church structure, or leave you fiance(é)e at italtar
70%
The bride's or groom's promisevow
69%
Rachel Green's soulmate, father to two children, brother to Monica GellerRoss
69%
The act of getting married in a hurried and secretive fashionelopement
67%
Queen Victoria's cousin and husbandAlbert
63%
The patron saint of affianced couples, happy marriages, and loveValentine
62%
"I love you" in Spanish, also a song by Rihannate amo
62%
_________ Bennet who is prejudiced against a proud gentleman, Mr. DarcyElizabeth
55%
King Arthur's wife and Lancelot's loverGuinevere
47%
A tragic character from Emily Brontë's Wuthering Heights who loved CatherineHeathcliff
45%
F. Nietzsche: “It is not a ____ of love, but a ____ of friendship that makes unhappy marriages.”{lack}
43%
Another name for Cupid or "love" in LatinAmor
42%
"The one who loves you will make you ____."{weep}
40%
Isabella I of Castile's husbandFerdinand
38%
The love of Jay Gatsby and Tom BuchananDaisy
36%
The proverb above comes from the same country as this presidential couple: Juan&EvaPerón
27%
F. Dostoyevsky's book about relationships in a family: The Brothers{Karamazov}
26%
The restored son of Shiva and Parvati who has an elephant headGanesha
24%
He wrote a book about a pedophile but had a long healthy relationship himself; VladimirNabokov
21%
The Swan Princess who can be saved by the power of eternal loveOdette
17%
"Coffee and love taste best when hot." is a proverb from this countryEthiopia
13%
A lady who wrote a love letter to Eugene OneginTatyana
11%
Christine Daaé's childhood friend and beau in The Phantom of the OperaRaoul
6%
A tradition during which certain swords are used to salute the newlywedssaber arch
2%

Score Distribution

Percentile by Number Answered

Percent of People with Each Score

Your Score History

You have not taken this quiz